Mechanics for engineers. (Record no. 27628)
[ view plain ]
| 000 -LEADER | |
|---|---|
| fixed length control field | 01760cam a22004215i 4500 |
| 001 - CONTROL NUMBER | |
| control field | 016318406 |
| 003 - CONTROL NUMBER IDENTIFIER | |
| control field | EG-ScBUE |
| 005 - DATE AND TIME OF LATEST TRANSACTION | |
| control field | 20190918110241.0 |
| 008 - FIXED-LENGTH DATA ELEMENTS--GENERAL INFORMATION | |
| fixed length control field | 130314t20122013si a f 000 0 eng d |
| 020 ## - INTERNATIONAL STANDARD BOOK NUMBER | |
| International Standard Book Number | 9789810692865 (paperback) |
| 035 ## - SYSTEM CONTROL NUMBER | |
| System control number | (UkOxU)019467653 |
| 040 ## - CATALOGING SOURCE | |
| Original cataloging agency | Uk |
| Language of cataloging | eng |
| Description conventions | rda |
| Transcribing agency | Uk |
| Modifying agency | UkOxU |
| -- | EG-ScBUE |
| 082 04 - DEWEY DECIMAL CLASSIFICATION NUMBER | |
| Classification number | 620.103 |
| Item number | HIB |
| Edition number | 22 |
| 100 1# - MAIN ENTRY--PERSONAL NAME | |
| Personal name | Hibbeler, R. C., |
| Relator term | author. |
| 245 10 - TITLE STATEMENT | |
| Title | Mechanics for engineers. |
| Name of part/section of a work | Statics / |
| Statement of responsibility, etc | R. C. Hibbeler, Kai Beng Yap, Peter Schiavone ; SI conversion by S. C. Fan. |
| 246 33 - VARYING FORM OF TITLE | |
| Title proper/short title | Statics study pack : |
| Remainder of title | chapter reviews and free-body diagram workbook |
| 250 ## - EDITION STATEMENT | |
| Edition statement | Thirteenth edition. |
| 250 ## - EDITION STATEMENT | |
| Edition statement | SI edition. |
| 264 #1 - PUBLICATION, DISTRIBUTION, ETC. (IMPRINT) | |
| Place of publication, distribution, etc | Singapore : |
| Name of publisher, distributor, etc | Pearson Education South Asia Pte Ltd, |
| Date of publication, distribution, etc | 2012. |
| 264 #4 - PUBLICATION, DISTRIBUTION, ETC. (IMPRINT) | |
| Date of publication, distribution, etc | c2013 |
| 300 ## - PHYSICAL DESCRIPTION | |
| Extent | x, 144 pages : |
| Other physical details | illustrations ; |
| Dimensions | 24 cm |
| 336 ## - CONTENT TYPE | |
| Content type term | text |
| Content type code | txt |
| Source | rdacontent |
| 337 ## - MEDIA TYPE | |
| Media type term | unmediated |
| Media type code | n |
| Source | rdamedia |
| 338 ## - CARRIER TYPE | |
| Carrier type term | volume |
| Carrier type code | nc |
| Source | rdacarrier |
| 500 ## - GENERAL NOTE | |
| General note | For use with: Mechanics for engineers. Statics. Thirteenth SI edition / R.C. Hibbeler, Kai Beng Yap ; SI conversion by S.C. Fan. |
| 500 ## - GENERAL NOTE | |
| General note | "Authorized adaptation from the United States edition, entitled Study Pack for Engineering Mechanics: Statics, Thirteenth Edition"--Title page verso. |
| 650 #7 - SUBJECT ADDED ENTRY--TOPICAL TERM | |
| Topical term or geographic name as entry element | Statics. |
| Source of heading or term | BUEsh |
| 650 #7 - SUBJECT ADDED ENTRY--TOPICAL TERM | |
| Topical term or geographic name as entry element | Statics |
| Form subdivision | Problems, exercises, etc. |
| Source of heading or term | BUEsh |
| 650 #7 - SUBJECT ADDED ENTRY--TOPICAL TERM | |
| Topical term or geographic name as entry element | Mechanics, Applied. |
| Source of heading or term | BUEsh |
| 650 #7 - SUBJECT ADDED ENTRY--TOPICAL TERM | |
| Topical term or geographic name as entry element | Mechanics, Applied |
| Form subdivision | Problems, exercises, etc. |
| Source of heading or term | BUEsh |
| 653 ## - INDEX TERM--UNCONTROLLED | |
| Resource For college | Engineering, Mechanical |
| Arrived date list | September2019 |
| 655 ## - INDEX TERM--GENRE/FORM | |
| Form subdivision | Text book |
| 700 1# - ADDED ENTRY--PERSONAL NAME | |
| Personal name | Schiavone, Peter, |
| Dates associated with a name | 1961- |
| Relator term | author. |
| 700 1# - ADDED ENTRY--PERSONAL NAME | |
| Personal name | Yap, Kai Beng, |
| Relator term | author. |
| 700 1# - ADDED ENTRY--PERSONAL NAME | |
| Personal name | Fan, S. C. |
| Fuller form of name | (Sau Cheong), |
| Relator term | editor. |
| 700 1# - ADDED ENTRY--PERSONAL NAME | |
| Personal name | Hibbeler, R. C. |
| Title of a work | Mechanics for engineers. |
| Name of part/section of a work | Statics. |
| Version | Thirteenth SI edition. |
| 942 ## - ADDED ENTRY ELEMENTS (KOHA) | |
| Source of classification or shelving scheme | Dewey Decimal Classification |
| Koha item type | NB - Book (Non borrowing) |
| Withdrawn status | Lost status | Source of classification or shelving scheme | Damaged status | Not for loan | Collection code | Home library | Current library | Shelving location | Date acquired | Source of acquisition | Cost, normal purchase price | Total Checkouts | Full call number | Barcode | Date last seen | Cost, replacement price | Price effective from | Koha item type | Total Renewals | Date checked out |
|---|---|---|---|---|---|---|---|---|---|---|---|---|---|---|---|---|---|---|---|---|
| Dewey Decimal Classification | Baccah | Central Library | Central Library | First floor | 18/09/2019 | Purchase | 150.00 | 620.103 HIB | 000048071 | 15/07/2025 | 187.50 | 18/09/2019 | NB - Book (Non borrowing) | |||||||
| Dewey Decimal Classification | Baccah | Central Library | Central Library | First floor | 18/09/2019 | Purchase | 150.00 | 1 | 620.103 HIB | 000048087 | 15/07/2025 | 187.50 | 18/09/2019 | Book - Borrowing | 3 | 25/10/2022 | ||||
| Dewey Decimal Classification | Baccah | Central Library | Central Library | First floor | 18/09/2019 | Purchase | 150.00 | 1 | 620.103 HIB | 000048088 | 15/07/2025 | 187.50 | 18/09/2019 | Book - Borrowing | 3 | 25/10/2022 |